000 00730nam a2200193Ia 4500
008 130821s1989 sp grdd spa
020 _a8430310185
040 _aCo-BoUCM
_bspa
041 0 0 _aspa
100 _aOrtega Cavero, David
245 0 0 _aThesaurus Gran Sopena de sinónimos y asociación de ideas Diccionario analógico de la lengua española
_cDavid Ortega Cavero
246 _aDiccionario analógico de la lengua española
260 _aBarcelona (España)
_bSopena
_c1989
300 _a2 volúmenes
650 0 4 _aEspañol
_xSinónimos y antónimos
_vDiccionarios y enciclopedias
_97588
650 0 4 _aLingüística aplicada
942 _cLIBRO
_a12
_e1
_mO77
_2DEWEY
_h463.31
999 _c36104
_d36104